| 000 | 01554cam a22004574a 4500 | ||
|---|---|---|---|
| 001 | 50900 | ||
| 005 | 20230410142423.0 | ||
| 008 | 041119s2004 mx b f001 0 spa | ||
| 010 | _a 2005359124 | ||
| 035 | _a(OCoLC)ocm57506696 | ||
| 040 |
_aDLC _cDLC _dXTL _dPL# _dDRFGD |
||
| 019 | _a57310658 | ||
| 020 | _a970701492X | ||
| 020 | _a9789707014923 | ||
| 035 |
_a(OCoLC)57506696 _z(OCoLC)57310658 |
||
| 042 | _apcc | ||
| 043 |
_ae------ _an-us--- |
||
| 082 | 0 | 0 |
_a327.7304 _222 |
| 049 | _aGRAL | ||
| 050 | 1 | 4 | _aO16o 2004 |
| 100 | 1 | _aOchman, Marta. | |
| 245 | 1 | 3 |
_aEl Occidente dividido : _blas relaciones bilaterales entre Estados Unidos y Europa / _cMarta Ochman. |
| 250 | _a1. ed. | ||
| 260 |
_aMéxico : _bCámara de Diputados, LIX Legislatura : _bTecnológico de Monterrey, Campus Estado de México : _bMiguel Angel Porrúa, _c2004. |
||
| 300 |
_a244 p. ; _c21 cm. |
||
| 440 | 0 | _aConocer para decidir | |
| 440 | 0 | _aHumanidades TEC | |
| 504 | _aIncludes bibliographical references (p. 227-229) and index. | ||
| 651 | 0 |
_aEurope _xForeign relations _zUnited States. |
|
| 651 | 0 |
_aUnited States _xForeign relations _zEurope. |
|
| 650 | 0 |
_aWorld politics _y21st century. |
|
| 651 | 4 |
_aEuropa _xRelaciones exteriores _zEstados Unidos |
|
| 651 | 4 |
_aEstados Unidos _xRelaciones exteriores _zEuropa |
|
| 650 | 4 |
_aPolítica mundial _ySiglo XXI |
|
| 653 | _aConflictos europeos | ||
| 653 | _aConflictos sociales | ||
| 938 |
_aPuvill Libros _bPUVL _n970701492X _c$42.37 |
||
| 942 |
_2lcc _cbk |
||
| 946 | _almminaya | ||
| 994 |
_aC0 _bDRFGD |
||
| 999 |
_c95315 _d95315 |
||